[Event "Ch Europe (juniors) (under 10) (g)"]
[Site "Herceg Novi (Montenegro)"]
[Date "2006.09.13"]
[Round "4"]
[White "Milutinovic Stefana (SRB)"]
[Black "Macharashvili Tekla (GEO)"]
[Result "0-1"]
[WhiteElo "1635"]
[BlackElo "1848"]

1.d4 Nf6 2.c4 g6 3.Nc3 Bg7 4.e4 d6 5.Nf3 O-O 6.Be2 e5 7.O-O Nbd7 8.d5 Nc5
9.Nd2 a5 10.f3 a4 11.Ndb1 Ne8 12.Be3 Bd7 13.Nd2 f5 14.b4 axb3 15.axb3 Na6
16.Na2 f4 17.Bf2 g5 18.b4 Nf6 19.c5 dxc5 20.bxc5 h5 21.Qb3 Rb8 22.d6+ Kh8
23.Nc3 g4 24.Bb5 Bh6 25.Bxd7 Qxd7 26.Qb5 Qg7 27.Qe2 Qg5 28.Nc4 g3 29.hxg3 fxg3
30.Qe3 gxf2+ 31.Qxf2 Rg8 32.c6 Nc5 33.Ra2 Nd3 34.Qc2 Nb4 35.Qb2 bxc6 36.dxc7
Rb7 37.Nd6 Qe3+ 38.Kh1 Qf4 39.Ne2 Qh4+ 40.Kg1 Be3+ 41.Rf2 Qxf2+ 42.Kh1 Qxg2#
0-1

[Event "Bayern Regionalliga Southwest 2006/07"]
[Site "Bayern (Germany)"]
[Date "2006.10.29"]
[Round "2"]
[White "Hornung Hans Dr (GER)"]
[Black "Zehrfeld Thorsten"]
[Result "1-0"]
[WhiteElo "2183"]
[BlackElo "2043"]

1.Nf3 g6 2.c4 Bg7 3.d4 Nf6 4.Nc3 O-O 5.e4 d6 6.Be2 e5 7.d5 Nbd7 8.O-O a5 9.Qc2
Nc5 10.Bg5 h6 11.Be3 b6 12.Nd2 Bg4 13.f3 Bd7 14.b3 Nh5 15.Rfb1 Nf4 16.Bf1 Bf6
17.a3 Bg5 18.Bf2 Qe7 19.b4 Nb7 20.Nb3 Rfc8 21.Kh1 h5 22.c5 a4 23.c6 axb3
24.Qxb3 Bxc6 25.dxc6 Nd8 26.g3 Nfe6 27.Nd5 Qe8 28.h4 Be7 29.Qc4 Nxc6 30.Qxc6
{#r} 1-0

[Event "Ch City (seniors) (under 80)"]
[Site "St. Petersburg (Russia)"]
[Date "2006.12.02"]
[Round "4"]
[White "Kostyuchenko Vladimir (RUS)"]
[Black "Listmangof Mikhail (RUS)"]
[Result "0-1"]
[WhiteElo "2153"]
[BlackElo "2007"]

1.d4 Nf6 2.c4 g6 3.Nc3 Bg7 4.e4 d6 5.Nf3 O-O 6.Be2 e5 7.O-O Nbd7 8.d5 Nc5
9.Qc2 a5 10.Bg5 h6 11.Be3 b6 12.Nd2 Ne8 13.a3 f5 14.f3 f4 15.Bf2 Rf7 16.b4 Nd7
17.Nb3 Bf8 18.bxa5 bxa5 19.Na4 Rg7 20.Be1 g5 21.Nxa5 h5 22.Nc6 Qf6 23.Nc3 g4
24.fxg4 hxg4 25.g3 Nc5 26.a4 Rh7 27.Ra2 Bh6 28.Bd1 Bg5 29.Qb1 Qh6 30.Kh1 Nf6
31.Rg1 Kh8 32.Rgg2 Qg6 33.Rgb2 Bd7 34.Rb8+ Rxb8 35.Qxb8+ Ng8 36.Qb1 fxg3
37.Bxg3 Bf4 38.Rg2 Rh3 39.a5 Qh7 40.Qc2 Bxg3 {#R} 0-1

[Event "Tournament (weekend) (b)"]
[Site "Ceriano Laghetto I(Ttaly)"]
[Date "2007.04.01"]
[Round "5"]
[White "Viale Fabio (ITA)"]
[Black "Ragusa Luigi (ITA)"]
[Result "0-1"]
[WhiteElo "1809"]
[BlackElo "1727"]

1.d4 Nf6 2.c4 g6 3.Nc3 Bg7 4.e4 d6 5.Be2 O-O 6.Nf3 e5 7.O-O Nbd7 8.d5 a5 9.Bg5
h6 10.Bxf6 Nxf6 11.Rb1 Nh5 12.a3 Nf4 13.b4 a4 14.Re1 f5 15.Bf1 fxe4 16.Nxe4
Bg4 17.Re3 Qd7 18.h3 Bf5 19.Nh4 Bxe4 20.Rxe4 Rf6 21.b5 g5 22.Nf3 Qf5 23.Bd3
Nxh3+ 24.Kf1 Nf4 25.Bc2 Qg4 26.Ne1 Qh4 27.f3 g4 28.Nd3 Qh1+ 29.Kf2 Qxg2+
30.Ke1 gxf3 31.Nf2 Qg1+ 32.Kd2 Qxf2+ 33.Kc3 Ne2+ 34.Kb2 Nd4 35.Re1 Qg2 36.Rg1
Qxc2+ 37.Qxc2 Nxc2 38.Kxc2 f2 39.Rgf1 Rf3 40.Ra1 e4 41.Kd2 Bxa1 {#R} 0-1

[Event "It (open)"]
[Site "Ambes (France)"]
[Date "2007.04.13"]
[Round "8"]
[White "Lanxade Michel (FRA)"]
[Black "Alard Pierre (FRA)"]
[Result "1-0"]
[WhiteElo "1849"]
[BlackElo "1884"]

1.d4 Nf6 2.c4 g6 3.Nc3 Bg7 4.e4 d6 5.Be2 O-O 6.Nf3 Nbd7 7.O-O e5 8.d5 Nc5
9.Qc2 a5 10.Bg5 h6 11.Be3 Ng4 12.Bxc5 dxc5 13.Ne1 f5 14.Bxg4 fxg4 15.f3 Qg5
16.Qc1 Qh5 17.Qe3 b6 18.Nd3 g3 19.hxg3 g5 20.g4 Qg6 21.Nb5 c6 22.dxc6 Qxc6
23.Nc3 Ba6 24.Nd5 Rf7 25.b3 Qg6 26.a4 Raa7 27.Kf2 Bc8 28.Ke2 Be6 29.Rh1 Rfb7
30.Raf1 Bxd5 31.cxd5 Qd6 32.Rc1 Ra8 33.Nb2 Bf8 34.Nc4 Qf6 35.Qc3 b5 36.axb5
Rxb5 37.Ra1 Qa6 38.Kf2 Rb4 39.Ra3 Rab8 40.Rha1 Qf6 41.Nxa5 c4 42.Nc6 Bc5+
43.Kf1 Bd4 44.Nxd4 exd4 45.Qe1 c3 46.Qd1 Qf4 47.R1a2 Qh2 48.Kf2 Qf4 49.Re2 Qe5
50.Qc2 Qd6 51.Qd3 Qb6 52.e5 c2 53.Rxc2 Kg7 54.Rc6 {#r} 1-0

[Event "It (open) \"]
[Site "Wroclaw (Poland)"]
[Date "2007.05.03"]
[Round "8"]
[White "Korbal Arkadiusz (POL)"]
[Black "Pigula Marek (POL)"]
[Result "0-1"]
[WhiteElo "1972"]
[BlackElo "2230"]

1.d4 Nf6 2.c4 g6 3.Nc3 Bg7 4.e4 d6 5.Nf3 O-O 6.Be2 e5 7.O-O Nbd7 8.d5 a5 9.Qc2
Nc5 10.b3 Ne8 11.Ne1 f5 12.f3 f4 13.g4 Qh4 14.Nd1 h5 15.Ng2 Qe7 16.h3 Kf7
17.Kf2 hxg4 18.hxg4 Rh8 19.Ke1 Rh2 20.Rg1 Nf6 21.Nf2 Bd7 22.Bb2 Nh7 23.Qc3 Bf6
24.Kd2 Bh4 25.Nxh4 Qxh4 26.Nd3 Ng5 27.Nxc5 Qf2 28.Rge1 Nxf3+ {#R} 0-1

[Event "Tournament \"]
[Site "Lodz (Poland)"]
[Date "2007.05.24"]
[Round "6"]
[White "Rawicz Karol (POL)"]
[Black "Strejczek Dariusz (POL)"]
[Result "1-0"]
[WhiteElo "2195"]
[BlackElo "2152"]

1.d4 Nf6 2.c4 g6 3.Nc3 Bg7 4.e4 d6 5.Be2 O-O 6.Nf3 Nbd7 7.O-O e5 8.d5 a5 9.Qc2
Nc5 10.Bg5 h6 11.Be3 b6 12.Nd2 Nh7 13.a3 f5 14.f3 f4 15.Bf2 Qg5 16.Rfd1 Bh3
17.Bf1 Nf6 18.b4 axb4 19.axb4 Na6 20.Qb2 Kh7 21.Ra2 c5 22.dxc6 Rfb8 23.Rda1
Nc7 24.Rxa8 Nxa8 25.Ra7 Ne8 26.Qa2 Nac7 27.Nd5 Rc8 28.Bxb6 {#r} 1-0

[Event "Ch Germany (juniors) (under 16)"]
[Site "Willingen (Germany)"]
[Date "2007.05.28"]
[Round "4"]
[White "Mueller Reinhold (GER)"]
[Black "Lichman Peter (GER)"]
[Result "0-1"]
[WhiteElo "2137"]
[BlackElo "2324"]

1.d4 Nf6 2.c4 g6 3.Nc3 Bg7 4.e4 d6 5.Nf3 O-O 6.Be2 e5 7.O-O Nbd7 8.d5 a5 9.Ne1
Nc5 10.Qc2 Ne8 11.Nd3 f5 12.f3 Nxd3 13.Bxd3 f4 14.Bd2 g5 15.Nb5 g4 16.c5 Rf6
17.fxg4 Bxg4 18.h3 Bh5 19.Rf2 Rg6 20.cxd6 cxd6 21.Be1 Bf6 22.Be2 f3 23.Bf1 Bh4
24.g4 Bxg4 25.hxg4 Qd7 26.Rh2 Qxg4+ 27.Bg2 Bxe1 28.Rxe1 Rc8 29.Qd2 fxg2 30.Re2
Qxe2 {#R} 0-1

[Event "It (open) \"]
[Site "Rowy (Poland)"]
[Date "2007.06.03"]
[Round "2"]
[White "Marks Piotr (POL)"]
[Black "Szczepaniec Stanislaw (POL)"]
[Result "0-1"]
[WhiteElo "1626"]
[BlackElo "2133"]

1.d4 Nf6 2.c4 g6 3.Nc3 Bg7 4.e4 O-O 5.Nf3 d6 6.Be2 e5 7.O-O Nbd7 8.d5 Nc5
9.Nd2 a5 10.Rb1 h5 11.b3 Bh6 12.Qc2 Kh7 13.a3 Bd7 14.b4 axb4 15.axb4 Na4
16.Nxa4 Rxa4 17.Bd3 Qa8 18.c5 Qa7 19.Nc4 Bxc1 20.Rfxc1 Ra2 21.Rb2 Rxb2 22.Qxb2
Ne8 23.cxd6 cxd6 24.Nxd6 Nxd6 25.Qxe5 Qa3 26.Ra1 Qxd3 27.Qxd6 Ra8 28.Rc1 Qd2
29.Qc5 Rc8 {#R} 0-1

[Event "It (open) \"]
[Site "Rybinsk (Russia)"]
[Date "2007.06.28"]
[Round "6"]
[White "Arakelov Ilya (RUS)"]
[Black "Tachalov Vyacheslav (RUS)"]
[Result "1-0"]
[WhiteElo "2369"]
[BlackElo "2147"]

1.d4 g6 2.e4 d6 3.c4 Bg7 4.Nc3 Nf6 5.Nf3 O-O 6.Be2 Nbd7 7.O-O e5 8.d5 Nc5
9.Qc2 a5 10.Bg5 h6 11.Be3 Qe7 12.Nd2 Ng4 13.Bxg4 Bxg4 14.a3 f5 15.f3 Bh5 16.b4
Nd7 17.Nb3 axb4 18.axb4 g5 19.Rxa8 Rxa8 20.exf5 g4 21.fxg4 Bxg4 22.h3 Bh5
23.Ne4 Nf6 24.Nbd2 Ra3 25.Bf2 Qd7 26.Bh4 Nxe4 27.Nxe4 Qa4 28.Qf2 Ra1 29.f6
Rxf1+ 30.Qxf1 Bf8 31.f7+ Bxf7 32.Nf6+ Kg7 33.Qf5 Bg6 34.Qe6 Bf7 35.Qg4+ Kh8
36.Qf5 Bg8 37.Nxg8 Kxg8 38.Qe6+ Kh8 39.Bf6+ Bg7 40.Qc8+ Kh7 41.Qxc7 Qa1+
42.Kh2 Kg6 43.Bxg7 {#r} 1-0

[Event "Ch Slovenia (qual)"]
[Site "Ljubljana (Slovenia)"]
[Date "2007.07.14"]
[Round "8"]
[White "Gombac Jan (SLO)"]
[Black "Grilc Andrej (SLO)"]
[Result "1-0"]
[WhiteElo "2293"]
[BlackElo "2113"]

1.Nf3 Nf6 2.c4 g6 3.Nc3 Bg7 4.e4 d6 5.d4 O-O 6.Be2 e5 7.d5 Nbd7 8.O-O Nc5
9.Qc2 a5 10.Bg5 h6 11.Be3 Ne8 12.Nd2 f5 13.f3 f4 14.Bf2 Bf6 15.a3 Bh4 16.Bxh4
Qxh4 17.b4 Nd7 18.Nb5 c6 19.dxc6 bxc6 20.Nc3 g5 21.c5 h5 22.Nc4 dxc5 23.bxc5
g4 24.Rfd1 Qe7 25.Na4 g3 26.h3 Ng7 27.Nd6 Rf6 28.Rab1 Ne6 29.Bc4 Ba6 30.Nf5
Qe8 31.Rd6 Kh7 32.Bxa6 Rxa6 33.Rb7 Rf7 34.Qc4 {#r} 1-0

[Event "It (open)"]
[Site "Saint Chely d'Aubrac (France)"]
[Date "2007.07.19"]
[Round "7"]
[White "Duffau Pascal (FRA)"]
[Black "Rabier Jean (FRA)"]
[Result "1-0"]
[WhiteElo "1987"]
[BlackElo "1893"]

1.Nf3 g6 2.c4 Bg7 3.Nc3 Nf6 4.e4 d6 5.d4 O-O 6.Be2 e5 7.O-O Nbd7 8.d5 Kh8 9.b4
b6 10.a4 Ne8 11.Ne1 f5 12.f3 f4 13.Nd3 Qh4 14.Bd2 h5 15.a5 Qd8 16.Rf2 g5
17.Bf1 Ndf6 18.Be1 g4 19.Rfa2 Rg8 20.Kh1 Bf8 21.axb6 cxb6 22.Rxa7 Rxa7 23.Rxa7
g3 24.h3 Nh7 25.Ne2 Qh4 26.Bc3 Ng5 27.Nexf4 Bxh3 28.Nxh3 Nxh3 29.gxh3 g2+
30.Bxg2 Qg3 31.Qf1 Ng7 32.Qf2 Qg6 33.c5 bxc5 34.bxc5 dxc5 35.Nxc5 Bxc5 36.Qxc5
h4 37.Bxe5 {#r} 1-0

[Event "It (open)"]
[Site "Rewal (Poland)"]
[Date "2007.08.26"]
[Round "6"]
[White "Czartoryski Pawel (POL)"]
[Black "Dombrowski Bartosz (POL)"]
[Result "1-0"]
[WhiteElo "2066"]
[BlackElo "1970"]

1.d4 Nf6 2.c4 g6 3.Nc3 Bg7 4.e4 d6 5.Be2 O-O 6.Nf3 e5 7.O-O Nbd7 8.d5 Nc5
9.Qc2 a5 10.b3 Nh5 11.Re1 f5 12.Bg5 Qe8 13.Nb5 Qf7 14.Nd2 Nf4 15.Bxf4 exf4
16.Rad1 g5 17.Bd3 Nxd3 18.Qxd3 b6 19.Nf3 h6 20.e5 dxe5 21.Nxe5 Bxe5 22.Rxe5
Ba6 23.Nd4 Bc8 24.Rde1 h5 25.b4 f3 26.Qxf3 f4 27.Re7 Qf6 28.Qe4 Rf7 29.d6 Ra7
30.Rxf7 Qxf7 31.Qe8+ {#r} 1-0

[Event "It (open) \"]
[Site "Krasnodar (Russia)"]
[Date "2007.09.27"]
[Round "7"]
[White "Barsamian Eduard (RUS)"]
[Black "Popov Gennady (RUS)"]
[Result "1-0"]
[WhiteElo "2085"]
[BlackElo "2197"]

1.d4 Nf6 2.c4 g6 3.Nc3 Bg7 4.e4 d6 5.Be2 O-O 6.Nf3 Nbd7 7.O-O e5 8.d5 Nc5
9.Qc2 a5 10.Bg5 h6 11.Be3 b6 12.Nd2 g5 13.a3 Ng4 14.b4 Nxe3 15.fxe3 Nd7 16.Bg4
Nf6 17.Bf5 Bxf5 18.exf5 g4 19.Nde4 Nxe4 20.Nxe4 f6 21.Qe2 h5 22.h3 gxh3
23.gxh3 axb4 24.axb4 Rxa1 25.Rxa1 Rf7 26.Qxh5 b5 27.cxb5 Qb8 28.Qe2 Kf8 29.Qc4
Bh6 30.Qc6 Bxe3+ 31.Kh1 Ba7 32.Qa6 Bb6 33.Qa8 Qxa8 34.Rxa8+ Ke7 35.Rg8 Rh7
36.Kg2 Rh4 37.Rg7+ Kf8 38.Rg4 Rh5 39.Ng3 Rh6 40.h4 Kf7 41.h5 Be3 42.Rg6 Rh8
43.Kf3 Bf4 44.Ne4 Rxh5 45.Rxf6+ Kg7 46.Rg6+ Kf7 47.b6 cxb6 48.Nxd6+ Kf8 49.Ke4
Rh4 50.f6 Bh2+ 51.Kf5 e4 52.Nc4 b5 53.Ne3 Bd6 54.Ke6 Bxb4 55.f7 Rh8 56.Ng4 Bc3
57.d6 {#r} 1-0

[Event "Tournament (open)"]
[Site "Villa Guardia (Italy)"]
[Date "2007.10.12"]
[Round "2"]
[White "Laricini Alberto"]
[Black "Ghelfi Giancarlo (ITA)"]
[Result "1-0"]
[WhiteElo "1667"]
[BlackElo "1689"]

1.d4 Nf6 2.Nf3 g6 3.c4 Bg7 4.Nc3 O-O 5.e4 d6 6.Be2 e5 7.d5 Nbd7 8.O-O a5 9.Bg5
h6 10.Be3 Nc5 11.Qc2 Nh5 12.Qd2 Kh7 13.Rad1 f5 14.Bxc5 dxc5 15.exf5 Bxf5
16.Qe3 e4 17.Nxe4 Re8 18.Bd3 Bxe4 19.Bxe4 Nf6 20.Nd2 Ng4 21.Qe2 Qh4 22.h3 Nf6
23.Rde1 Re7 24.Bxg6+ Kxg6 25.Qxe7 Re8 26.Qxc7 Ne4 27.Nxe4 Rxe4 28.Rxe4 Qxe4
29.d6 Be5 30.Qe7 Qf4 31.g3 Qd4 32.Qe6+ Kh5 {#r} 1-0

[Event "Memorial Baharov (open)"]
[Site "Sofia (Bulgaria)"]
[Date "2007.11.30"]
[Round "5"]
[White "Vlashki Nino (BUL)"]
[Black "Bonev Todor (BUL)"]
[Result "0-1"]
[WhiteElo "2077"]
[BlackElo "2235"]

1.d4 Nf6 2.Nf3 g6 3.c4 Bg7 4.Nc3 O-O 5.e4 d6 6.Be2 e5 7.d5 Nbd7 8.O-O Nc5
9.Qc2 a5 10.Bg5 h6 11.Be3 Nfd7 12.Nd2 f5 13.exf5 gxf5 14.f4 exf4 15.Bxf4 Ne5
16.Rae1 Bd7 17.Nf3 Ng6 18.Be3 Qe7 19.Bd3 Nxd3 20.Qxd3 Qf7 21.Bd4 Rae8 22.Qd2
b6 23.b3 Kh7 24.Rxe8 Rxe8 25.g4 Ne5 26.gxf5 Rg8 27.Kh1 Qxf5 28.Bxe5 Bxe5
29.Rf2 Qg4 30.Ne2 Bf5 31.Qe3 Be4 32.a3 Bd4 33.Qxe4+ Qxe4 {#R} 0-1

[Event "It (open)"]
[Site "Ketrzyn (Poland)"]
[Date "2007.12.30"]
[Round "8"]
[White "Czartoryski Pawel (POL)"]
[Black "Karski Lukasz (POL)"]
[Result "1-0"]
[WhiteElo "2066"]
[BlackElo "1908"]

1.d4 Nf6 2.c4 g6 3.Nc3 Bg7 4.e4 d6 5.Be2 O-O 6.Nf3 Nbd7 7.O-O e5 8.d5 Nc5
9.Qc2 a5 10.Bg5 h6 11.Be3 Ne8 12.a3 f5 13.b4 Na6 14.bxa5 f4 15.Bd2 Nf6 16.Na4
Bd7 17.Bd3 Bxa4 18.Qxa4 Nd7 19.Rab1 Ndc5 20.Qc2 g5 21.g4 h5 22.h3 hxg4 23.hxg4
Qd7 24.Nh2 Kf7 25.f3 Rh8 26.Rf2 Rh6 27.Nf1 Qe8 28.Rh2 Qh8 29.Bb4 Rxh2 30.Nxh2
Qh3 31.Bf1 Qg3+ 32.Bg2 Qh4 33.Nf1 Qh6 34.Be1 Qf6 35.Nd2 Qe7 36.Bf2 Bf8 37.Nb3
Rb8 38.Bf1 Qd7 39.Nxc5 dxc5 40.Rb5 Bd6 41.Qb2 Qc8 42.Be1 c6 43.dxc6 bxc6
44.Rxb8 Qxb8 45.Qh2 Kg7 46.Qh5 Be7 47.Bc3 Bf6 48.Bd3 Qd8 49.Bc2 Qb8 50.Kf2 Qd8
51.Ke2 Qb8 52.Qh1 Kf7 53.Qh7+ Ke6 54.Ba4 Kd6 55.Qf7 Qh8 56.Qb7 Qh2+ 57.Kd3 Qf2
58.Qxc6+ Ke7 59.Qe8+ Kd6 60.Qd7# 1-0

[Event "Ch Slovakia (team) 2007/08 (1 liga) West"]
[Site "Slovakia"]
[Date "2008.03.16"]
[Round "11"]
[White "Turna Stefan (SVK)"]
[Black "Kubala Jan (SVK)"]
[Result "0-1"]
[WhiteElo "2221"]
[BlackElo "2216"]

1.d4 Nf6 2.c4 g6 3.Nc3 Bg7 4.e4 d6 5.Nf3 O-O 6.Be2 Nbd7 7.O-O e5 8.d5 Nc5
9.Qc2 a5 10.Bg5 h6 11.Be3 Ne8 12.Nd2 f5 13.f3 f4 14.Bf2 g5 15.a3 h5 16.b4 Na6
17.c5 g4 18.Kh1 Qg5 19.g3 axb4 20.axb4 Nxb4 21.Qb2 Rxa1 22.Rxa1 fxg3 23.hxg3
Bh6 24.Rd1 Na6 25.cxd6 Nxd6 26.Nc4 gxf3 27.Bf1 Rf7 28.Nxd6 cxd6 29.Nb5 Qg6
30.Qc2 Bg4 31.Re1 Bg5 32.Bd3 Nb4 33.Qc3 Nxd3 34.Qxd3 h4 35.gxh4 Bxh4 {#R} 0-1

[Event "It \"]
[Site "Ilyichevsk (Ukraine)"]
[Date "2008.07.20"]
[Round "1"]
[White "Hrinchuk Vladimir (UKR)"]
[Black "Ilyin Igor (UKR)"]
[Result "1-0"]
[WhiteElo "2157"]
[BlackElo "1979"]

1.d4 Nf6 2.c4 g6 3.Nc3 Bg7 4.e4 d6 5.Nf3 O-O 6.Be2 Nbd7 7.O-O e5 8.d5 Nc5
9.Qc2 a5 10.Bg5 h6 11.Be3 Nfd7 12.b3 f5 13.a3 f4 14.Bxc5 Nxc5 15.b4 Na6 16.Qb3
b6 17.Rfc1 g5 18.c5 bxc5 19.Bxa6 Bxa6 20.bxc5 g4 21.Ne1 g3 22.Nf3 gxf2+
23.Kxf2 dxc5 24.Nb5 Bxb5 25.Qxb5 Rb8 26.Qxc5 Rb2+ 27.Kf1 Rf7 28.Rab1 Qb8
29.Rxb2 Qxb2 30.Qc3 Qb5+ 31.Qc4 Qb2 32.a4 Bf8 33.Qc2 Qxc2 34.Rxc2 Bd6 35.Rb2
Rf8 36.Rb5 Ra8 37.Nd2 Kf7 38.Nc4 Ke7 39.Rxa5 Rb8 40.Rb5 Rxb5 41.axb5 Kd8
42.Ke2 Kc8 43.Kf3 h5 44.g3 fxg3 45.Kxg3 Be7 46.Nxe5 Bd6 47.Kf4 Kb7 48.Kf5 h4
49.h3 Kb6 50.Nc4+ Kxb5 51.Nxd6+ cxd6 52.Ke6 Kc5 53.e5 {#r} 1-0

[Event "Ch Tatarstan (open)"]
[Site "Kazan (Russia)"]
[Date "2008.08.29"]
[Round "9"]
[White "Samusenko Aleksandr V (RUS)"]
[Black "Vasiljev Vasili_ (RUS)"]
[Result "0-1"]
[WhiteElo "2325"]
[BlackElo "2192"]

1.Nf3 Nf6 2.d4 g6 3.c4 Bg7 4.Nc3 O-O 5.e4 d6 6.Be2 e5 7.O-O Nbd7 8.d5 Nc5
9.Qc2 a5 10.Bg5 h6 11.Be3 b6 12.Nd2 Bg4 13.f3 Bd7 14.b3 Nh5 15.Rfe1 Bf6
16.Bxh6 Bg5 17.Bxf8 Be3+ 18.Kh1 Ng3+ 19.hxg3 Qxf8 20.Nf1 Qh6+ 21.Nh2 Kg7 {#R}
0-1

[Event "Ch City"]
[Site "Kazan (Russia)"]
[Date "2008.11.27"]
[Round "5"]
[White "Kotov Ivan (RUS)"]
[Black "Terentiev Vitaly G (RUS)"]
[Result "1-0"]
[WhiteElo "2046"]
[BlackElo "2287"]

1.d4 Nf6 2.c4 g6 3.Nc3 Bg7 4.e4 d6 5.Nf3 O-O 6.Be2 e5 7.O-O Nbd7 8.d5 Nc5
9.Qc2 a5 10.Ne1 Nfd7 11.Bg4 Nb6 12.Bxc8 Qxc8 13.b3 f5 14.Be3 Nbd7 15.f3 b6
16.Nd3 Nxd3 17.Qxd3 Nf6 18.a3 fxe4 19.fxe4 Qd7 20.b4 axb4 21.axb4 Rxa1 22.Rxa1
Ng4 23.c5 bxc5 24.bxc5 Qf7 25.Nb5 Nxe3 26.Qxe3 Bh6 27.Qe2 dxc5 28.h3 Bf4
29.Ra7 Bg3 30.Nxc7 Bf2+ 31.Kh1 Bg3 32.Qf3 Qf4 33.Ra1 Qh4 34.Qb3 Be1 35.d6+ Kh8
36.Qd3 Qg3 37.Qxg3 Bxg3 38.Ne6 Rb8 39.Nxc5 Kg7 40.Rf1 Bh4 41.Ne6+ Kg8 42.d7
Be7 43.d8=Q+ {#r} 1-0

[Event "Memorial I.Kopylov (open)"]
[Site "Ufa (Russia)"]
[Date "2008.12.18"]
[Round "3"]
[White "Karimov Farid (RUS)"]
[Black "Selegenenko Vladimir (RUS)"]
[Result "1-0"]
[WhiteElo "2046"]
[BlackElo "2135"]

1.d4 Nf6 2.Nf3 g6 3.c4 Bg7 4.Nc3 O-O 5.e4 d6 6.Be2 e5 7.O-O Nbd7 8.d5 Nc5
9.Nd2 a5 10.Rb1 Bd7 11.b3 Ne8 12.a3 f5 13.b4 axb4 14.axb4 Na4 15.Qb3 Nxc3
16.Qxc3 Nf6 17.f3 Bh6 18.Qd3 Ra2 19.Nb3 Bg7 20.Rb2 Qa8 21.Qb1 Qa7+ 22.c5 Rxb2
23.Bxb2 Qa4 24.Qc2 Qa7 25.Ra1 Qb8 26.Nd2 Bh6 27.Nc4 fxe4 28.fxe4 Ng4 29.cxd6
cxd6 30.Bc1 Bxc1 31.Qxc1 Rc8 32.Qg5 Rxc4 33.Bxc4 Qc7 34.Ra8+ Kf7 35.Qd8 {#r}
1-0

[Event "Memorial Tringov (open)"]
[Site "Plovdiv (Bulgaria)"]
[Date "2009.02.04"]
[Round "5"]
[White "Dobrev Nanko (BUL)"]
[Black "Nesic Nebojsa (SRB)"]
[Result "1-0"]
[WhiteElo "2352"]
[BlackElo "2127"]

1.d4 Nf6 2.Nf3 g6 3.c4 Bg7 4.Nc3 d6 5.e4 O-O 6.Be2 e5 7.O-O Nbd7 8.d5 Nc5
9.Qc2 a5 10.Bg5 h6 11.Be3 Nh5 12.g3 f5 13.Nh4 f4 14.Bxc5 dxc5 15.Nxg6 f3
16.Nxf8 Qxf8 17.Bd3 Bh3 18.Rfe1 Ra6 19.Re3 Bg2 20.Bf1 Nf4 21.Bxg2 Nxg2 22.Nd1
Qc8 23.Rxf3 Ne1 24.Qc3 Nxf3+ 25.Qxf3 Rf6 26.Qe2 {#r} 1-0

[Event "Tournament (Elo)"]
[Site "Samara (Russia)"]
[Round "1"]
[White "Palachev Petr (RUS)"]
[Black "Chernov Yury (RUS)"]
[Result "1-0"]
[WhiteElo "2167"]
[BlackElo "2254"]

1.d4 Nf6 2.c4 g6 3.Nc3 d6 4.Nf3 Bg7 5.e4 O-O 6.Be2 Nbd7 7.O-O e5 8.d5 Nc5
9.Qc2 a5 10.Bg5 h6 11.Be3 b6 12.Ne1 Nfd7 13.Bg4 Bb7 14.Qc1 f5 15.exf5 gxf5
16.Be2 f4 17.Bd2 e4 18.Qc2 {#r} 1-0

[Event "Ch Poland (team) (3 liga) (region)"]
[Site "Poland"]
[Date "2009.03.15"]
[Round "9"]
[White "Galat Arkadiusz (POL)"]
[Black "Studzinski Tadeusz (POL)"]
[Result "1-0"]
[WhiteElo "2074"]
[BlackElo "1945"]

1.d4 Nf6 2.Nf3 g6 3.c4 Bg7 4.Nc3 d6 5.e4 O-O 6.Be2 Nbd7 7.O-O e5 8.d5 Nc5
9.Qc2 a5 10.Bg5 h6 11.Be3 Ng4 12.Bxc5 dxc5 13.h3 Nf6 14.Nxe5 Nxd5 15.cxd5 Bxe5
16.f4 Bd4+ 17.Kh1 Bd7 18.Nb5 Bxb5 19.Bxb5 Rb8 20.Rab1 Qd6 21.b3 Kg7 22.Rbe1 f6
23.Qe2 Qe7 24.Qg4 Rbd8 25.h4 Kh7 26.Re2 Rf7 27.Bd3 Qd7 28.Qf3 Kg7 29.a4 h5
30.f5 {#r} 1-0

[Event "It (open)"]
[Site "Wroclaw (Poland)"]
[Round "7"]
[White "Jegorovas Aleksandras (LTU)"]
[Black "Ivanov Mikhail M (RUS)"]
[Result "0-1"]
[WhiteElo "2322"]
[BlackElo "2469"]

1.d4 Nf6 2.Nf3 g6 3.c4 Bg7 4.Nc3 O-O 5.e4 d6 6.Be2 Nbd7 7.O-O e5 8.d5 Nc5
9.Qc2 a5 10.Bg5 h6 11.Be3 b6 12.Nd2 Bg4 13.Rae1 Bxe2 14.Rxe2 Ng4 15.Bxc5 bxc5
16.Nd1 h5 17.g3 f5 18.f4 h4 19.fxe5 Bxe5 20.exf5 hxg3 21.hxg3 Qg5 22.Nf3 Qxf5
23.Qxf5 Rxf5 24.Nxe5 Rxe5 25.Rxe5 Nxe5 26.b3 a4 27.Nc3 axb3 28.axb3 Ra3 29.Rb1
Nf3+ 30.Kf2 Nd2 31.Rb2 Nxc4 32.Nb5 Nxb2 33.Nxa3 Nd1+ 34.Kf3 Nc3 35.Kf4 Kf7
36.Kg5 Kg7 37.g4 Nxd5 38.Nb5 Kf7 39.Kh6 Kf6 40.g5+ Kf5 41.Na7 Ne3 42.Nb5 d5
43.Nxc7 d4 {#R} 0-1

[Event "Tournament \"]
[Site "St. Petersburg (Russia)"]
[Date "2009.04.01"]
[Round "3"]
[White "Gorbatenko Alexander (RUS)"]
[Black "Klyuev Viktor (RUS)"]
[Result "1-0"]
[WhiteElo "2145"]
[BlackElo "2119"]

1.d4 Nf6 2.c4 d6 3.Nf3 g6 4.Nc3 Bg7 5.e4 O-O 6.Be2 e5 7.O-O Nbd7 8.d5 Nc5
9.Bg5 h6 10.Bxf6 Bxf6 11.b4 Nd7 12.Ne1 Bg5 13.Nd3 a5 14.a3 f5 15.Qc2 Nf6
16.Bf3 b6 17.c5 bxc5 18.bxc5 Ba6 19.Rfe1 h5 20.exf5 gxf5 21.Nxe5 dxe5 22.Rxe5
Bc8 23.Rae1 Rb8 24.h3 h4 25.Ne2 Ne8 26.Nd4 Bd7 27.Ne6 Bxe6 28.dxe6 Qd2 29.Qc4
Be7 30.Rd1 Qg5 31.Bg4 Ng7 32.Bf3 Qf6 33.Re3 Kh8 34.Rd7 Rb1+ 35.Kh2 f4 36.Red3
Qg5 37.Bg4 Nf5 38.Bxf5 Qg3+ 39.fxg3 hxg3+ 40.Rxg3 {#r} 1-0

[Event "Ch Russia (juniors) (under 18)"]
[Site "Dagomys (Russia)"]
[Date "2009.04.23"]
[Round "9"]
[White "Lozbenev Pavel (RUS)"]
[Black "Kuzmin Nikolai (RUS)"]
[Result "0-1"]
[WhiteElo "2105"]
[BlackElo "2103"]

1.d4 Nf6 2.c4 g6 3.Nc3 Bg7 4.e4 d6 5.Nf3 O-O 6.Be2 Nbd7 7.O-O e5 8.d5 Nc5
9.Qc2 a5 10.Bg5 h6 11.Be3 b6 12.Nd2 Ng4 13.Bxg4 Bxg4 14.a3 Na6 15.Rab1 Bd7
16.b4 f5 17.exf5 gxf5 18.f4 Qf6 19.Nf3 Be8 20.Nb5 Kh7 21.Kh1 Rg8 22.g4 Bg6
23.g5 Qf7 24.Qf2 Rab8 25.fxe5 dxe5 26.gxh6 Bf6 27.Ng5+ Bxg5 28.Bxg5 f4 29.Rbe1
Be4+ 30.Rxe4 Rxg5 31.Nd4 Qg6 32.Rfe1 Rg8 33.Rxe5 Rg2 34.Qf1 Rxh2+ {#R} 0-1

[Event "It \"]
[Site "Bad Homburg (Germany)"]
[Date "2009.06.12"]
[Round "4"]
[White "Schmitt Roland (GER)"]
[Black "Abrahamyan Arsen (GER)"]
[Result "0-1"]
[WhiteElo "1899"]
[BlackElo "1688"]

1.d4 Nf6 2.c4 d6 3.Nc3 Nbd7 4.e4 e5 5.Nf3 g6 6.Be2 Bg7 7.O-O O-O 8.d5 Nc5
9.Qc2 a5 10.Bg5 h6 11.Be3 Qe7 12.h3 Nh5 13.Kh2 f5 14.Ng1 fxe4 15.Bxh5 gxh5
16.Bxc5 dxc5 17.Qe2 Qh4 18.g3 Qe7 19.Qxh5 Bd7 20.Rae1 Rf5 21.Qd1 Raf8 22.Kg2
c6 23.Qe2 cxd5 24.cxd5 Qf7 25.a4 b6 26.Rd1 h5 27.b3 Rf3 28.Nxe4 Rxb3 29.Qa2
Rb4 30.f3 Rxa4 31.Qb3 Rb4 32.Qa2 Bb5 33.Rf2 Bc4 34.Qd2 Bb3 35.Ng5 Qd7 36.d6
Rd4 37.Qc3 Bxd1 {#R} 0-1

[Event "It (open) \"]
[Site "Tatranske Zruby (Slovakia)"]
[Date "2009.09.29"]
[Round "3"]
[White "Soural Jan (CZE)"]
[Black "Koci Ladislav (CZE)"]
[Result "1-0"]
[WhiteElo "2207"]
[BlackElo "2019"]

1.d4 Nf6 2.Nf3 g6 3.c4 Bg7 4.Nc3 O-O 5.e4 d6 6.Be2 Nbd7 7.O-O e5 8.d5 a5 9.Qc2
Nc5 10.Bg5 h6 11.Be3 b6 12.Nd2 Nh7 13.a3 f5 14.b4 Nd7 15.f3 f4 16.Bf2 Ndf6
17.c5 axb4 18.axb4 Rxa1 19.Rxa1 bxc5 20.bxc5 Nh5 21.Nb5 Bf6 22.cxd6 cxd6
23.Ra8 Bh4 24.Bxh4 Qxh4 25.Rxc8 Qe1+ 26.Nf1 {#r} 1-0